The chemical technology of wood (Record no. 33349)

MARC details
000 -LEADER
fixed length control field 00884cam a2200277 4500
001 - CONTROL NUMBER
control field 781805
003 - CONTROL NUMBER IDENTIFIER
control field OSt
005 - DATE AND TIME OF LATEST TRANSACTION
control field 20220322100456.0
008 - FIXED-LENGTH DATA ELEMENTS--GENERAL INFORMATION
fixed length control field 710118s1970 nyuac b 001 0 eng
010 ## - LIBRARY OF CONGRESS CONTROL NUMBER
LC control number 73108155
020 ## - INTERNATIONAL STANDARD BOOK NUMBER
International Standard Book Number 012743450X
040 ## - CATALOGING SOURCE
Original cataloging agency DLC
Transcribing agency HU
Modifying agency DLC
041 1# - LANGUAGE CODE
Language code of text/sound track or separate title engger
050 00 - LIBRARY OF CONGRESS CALL NUMBER
Classification number TS928
Item number .W45
082 00 - DEWEY DECIMAL CLASSIFICATION NUMBER
Classification number 674/.134
100 1# - MAIN ENTRY--PERSONAL NAME
Personal name Wenzl, Hermann Franz Joseph,
Dates associated with a name 1899-
9 (RLIN) 33738
245 14 - TITLE STATEMENT
Title The chemical technology of wood
Statement of responsibility, etc. [by] Hermann F. J. Wenzl. Translated from the German by Friedrich E. Brauns and Dorothy A. Brauns.
260 ## - PUBLICATION, DISTRIBUTION, ETC.
Place of publication, distribution, etc. New York,
Name of publisher, distributor, etc. Academic Press,
Date of publication, distribution, etc. 1970.
300 ## - PHYSICAL DESCRIPTION
Extent xvi, 692 p.
Other physical details illus., port.
Dimensions 24 cm.
504 ## - BIBLIOGRAPHY, ETC. NOTE
Bibliography, etc. note Includes bibliographical references.
650 #0 - SUBJECT ADDED ENTRY--TOPICAL TERM
Topical term or geographic name entry element Wood
General subdivision Chemistry.
9 (RLIN) 15319
650 #0 - SUBJECT ADDED ENTRY--TOPICAL TERM
Topical term or geographic name entry element Wood-pulp.
9 (RLIN) 33739
650 #0 - SUBJECT ADDED ENTRY--TOPICAL TERM
Topical term or geographic name entry element Wood.
9 (RLIN) 15391
906 ## - LOCAL DATA ELEMENT F, LDF (RLIN)
a 7
b cbc
c orignew
d 2
e ncip
f 19
g y-gencatlg
942 ## - ADDED ENTRY ELEMENTS (KOHA)
Source of classification or shelving scheme Dewey Decimal Classification
Koha item type Books like text book referance book
Suppress in OPAC No
Holdings
Withdrawn status Lost status Source of classification or shelving scheme Damaged status Not for loan Collection code Home library Current library Shelving location Date acquired Total Checkouts Full call number Barcode Date last seen Copy number Price effective from Koha item type
    Dewey Decimal Classification     Reference Wondo Genet Library Wondo Genet Library General Stacks 03/22/2022   674.134 WEN 1984 WGCFNRL00014397 03/22/2022 1 03/22/2022 Books like text book referance book
    Dewey Decimal Classification     Reference Wondo Genet Library Wondo Genet Library General Stacks 03/31/2022   674.134 WEN 1984 WGCFNRL00016010 03/31/2022 2 03/31/2022 Books like text book referance book